[Event "Lithuanian Chess League"]
[Site "various cities"]
[Date "2021.05.07"]
[Round "1.1"]
[White "Kalvaitis, Sigitas"]
[Black "Laurusas, Tomas"]
[Result "0-1"]
[WhiteElo "2184"]
[BlackElo "2505"]
[PlyCount "52"]
[EventDate "2021.05.07"]
[EventType "team"]
[EventRounds "7"]
[EventCountry "LTU"]
[WhiteTeam "Plunges VSK Bokstas"]
[BlackTeam "Vilniaus MRU-ROSK Consulting"]

1. e4 c6 2. d4 d5 3. Nc3 dxe4 4. Nxe4 Bf5 5. Ng3 Bg6 6. h4 h6 7. Nf3 Nd7 8. h5
Bh7 9. Bd3 Bxd3 10. Qxd3 e6 11. Bd2 Ngf6 12. O-O-O Be7 13. Qe2 c5 14. dxc5 Qc7
15. Kb1 O-O 16. Nf5 exf5 17. Qxe7 Rfe8 18. Qd6 Qxc5 19. Qxc5 Nxc5 20. Nd4 Nce4
21. Be1 Ng4 22. Rf1 Rad8 23. Kc1 f4 24. c3 Re5 25. Rd3 Rxh5 26. Bd2 Nh2 0-1

[Event "Lithuanian Chess League"]
[Site "various cities"]
[Date "2021.05.07"]
[Round "1.1"]
[White "Pultinevicius, Paulius"]
[Black "Vasylius, Kestutis"]
[Result "1-0"]
[WhiteElo "2501"]
[BlackElo "2064"]
[PlyCount "99"]
[EventDate "2021.05.07"]
[EventType "team"]
[EventRounds "7"]
[EventCountry "LTU"]
[WhiteTeam "Vilniaus MRU-ROSK Consulting"]
[BlackTeam "Plunges VSK Bokstas"]

1. d4 Nf6 2. c4 e6 3. Nf3 d5 4. Nc3 Be7 5. Bf4 a6 6. cxd5 exd5 7. e3 O-O 8. h3
Re8 9. Bd3 Nbd7 10. O-O Nf8 11. Qc2 Bd6 12. Bxd6 Qxd6 13. Rab1 Bd7 14. b4 Ne6
15. a4 g6 16. Ne5 Ng7 17. Nxd7 Nxd7 18. Rfc1 Ne6 19. Qb3 Nf6 20. Bf1 Ng5 21.
Rc2 Re7 22. Ne2 Ne6 23. Nc1 Qd8 24. Nd3 Ne4 25. Rcb2 Kg7 26. Qc2 Qc8 27. Rb3 f6
28. Qb2 Nd8 29. Be2 Qe6 30. Rc1 Qd6 31. Rc2 Qd7 32. Ra3 Ne6 33. Qc1 h5 34. h4
Rf8 35. Bf3 Rff7 36. g3 Qd6 37. Kg2 Kh7 38. Nc5 Nd8 39. b5 a5 40. Nxe4 dxe4 41.
Be2 Rg7 42. Rac3 Kh6 43. b6 Qxb6 44. Rc5 Nc6 45. Rb5 Qa7 46. Rcc5 Qa8 47. f4
Na7 48. Rxh5+ gxh5 49. Rxh5+ Kg6 50. f5+ 1-0

[Event "Lithuanian Chess League"]
[Site "various cities"]
[Date "2021.05.07"]
[Round "1.1"]
[White "Jonkus, Lukas"]
[Black "Vedrickas, Tautvydas"]
[Result "0-1"]
[WhiteElo "1845"]
[BlackElo "2395"]
[PlyCount "64"]
[EventDate "2021.05.07"]
[EventType "team"]
[EventRounds "7"]
[EventCountry "LTU"]
[WhiteTeam "Plunges VSK Bokstas"]
[BlackTeam "Vilniaus MRU-ROSK Consulting"]

1. e4 g6 2. Nc3 Bg7 3. Bc4 e6 4. Nge2 Ne7 5. d4 d5 6. Bb5+ Bd7 7. Bd3 O-O 8.
Bg5 h6 9. Be3 c5 10. dxc5 Nbc6 11. exd5 exd5 12. Nb5 d4 13. Bf4 a6 14. Nd6 Qa5+
15. Qd2 Qxc5 16. O-O g5 17. Ne4 Qb6 18. Bd6 f5 19. Bc4+ Kh8 20. Nxg5 hxg5 21.
Qxg5 Rf6 22. Bxe7 Nxe7 23. Ng3 Qc6 24. Qh4+ Rh6 25. Qxe7 f4 26. Bd3 Re8 27. Qb4
fxg3 28. fxg3 Qd5 29. Rf4 Bc6 30. Qd2 Qe5 31. Qb4 Qe3+ 32. Kh1 Qxg3 0-1

[Event "Lithuanian Chess League"]
[Site "various cities"]
[Date "2021.05.07"]
[Round "1.1"]
[White "Klabis, Rokas"]
[Black "Maciuitis, Ignas"]
[Result "1-0"]
[WhiteElo "2329"]
[BlackElo "1789"]
[PlyCount "59"]
[EventDate "2021.05.07"]
[EventType "team"]
[EventRounds "7"]
[EventCountry "LTU"]
[WhiteTeam "Vilniaus MRU-ROSK Consulting"]
[BlackTeam "Plunges VSK Bokstas"]

1. e4 d6 2. d4 Nf6 3. Nc3 g6 4. Be2 Bg7 5. h4 h5 6. Bg5 c6 7. Qd2 b5 8. f3 a6
9. Nh3 Qc7 10. a4 b4 11. Nd1 a5 12. c3 c5 13. Ne3 Bb7 14. Rc1 bxc3 15. Qxc3
Nfd7 16. Nf4 e6 17. Qb3 O-O 18. g4 Bxd4 19. gxh5 Qb6 20. Qxb6 Nxb6 21. Ng4 gxh5
22. Nxh5 Nxa4 23. Bf6 Ba6 24. Bxd4 cxd4 25. Ngf6+ Kh8 26. Rg1 Nd7 27. Nxd7 Rg8
28. Rxg8+ Kxg8 29. Ndf6+ Kh8 30. Bxa6 1-0

[Event "Lithuanian Chess League"]
[Site "various cities"]
[Date "2021.05.07"]
[Round "1.1"]
[White "Kurmis, Edvinas"]
[Black "Setkauskas, Vaidas"]
[Result "0-1"]
[WhiteElo "1654"]
[BlackElo "2238"]
[PlyCount "70"]
[EventDate "2021.05.07"]
[EventType "team"]
[EventRounds "7"]
[EventCountry "LTU"]
[WhiteTeam "Plunges VSK Bokstas"]
[BlackTeam "Vilniaus MRU-ROSK Consulting"]

1. d4 Nf6 2. Bf4 c5 3. d5 Qb6 4. Nc3 Qxb2 5. Bd2 Qb6 6. e4 d6 7. f4 g6 8. Rb1
Qd8 9. Nf3 Bg7 10. Bd3 O-O 11. f5 a6 12. a4 Qc7 13. Qe2 Nbd7 14. h4 Ng4 15. h5
c4 16. Bxc4 Nb6 17. hxg6 Nxc4 18. gxf7+ Rxf7 19. Rb3 Nxd2 20. Qxd2 Qc5 21. Ng5
Bh6 22. Rxh6 Qg1+ 23. Ke2 Qxg2+ 24. Ke1 Qg1+ 25. Ke2 Qf2+ 26. Kd1 Qf1+ 27. Qe1
Qxe1+ 28. Kxe1 Nxh6 29. Nxf7 Nxf7 30. Ne2 Ne5 31. Nf4 b5 32. axb5 axb5 33. Rxb5
Ra4 34. Ne2 Rxe4 35. Rb8 Rc4 0-1

[Event "Lithuanian Chess League"]
[Site "various cities"]
[Date "2021.05.07"]
[Round "1.2"]
[White "Zagorskis, Darius"]
[Black "Vaskevicius, Augustas"]
[Result "1-0"]
[WhiteElo "2408"]
[BlackElo "2033"]
[PlyCount "53"]
[EventDate "2021.05.07"]
[EventType "team"]
[EventRounds "7"]
[EventCountry "LTU"]
[WhiteTeam "Panevezio SK Gigant Chess"]
[BlackTeam "Marijampoles SC Suduvos jaunimas"]

1. d4 d5 2. Nf3 Nf6 3. c4 e6 4. Nc3 Bb4 5. e3 c5 6. Bd3 Nc6 7. O-O O-O 8. a3
Bxc3 9. bxc3 Ne4 10. Qc2 f5 11. Bb2 cxd4 12. cxd4 g5 13. Ne5 g4 14. cxd5 Nxe5
15. dxe5 exd5 16. f3 gxf3 17. gxf3 Ng5 18. Kh1 Be6 19. Rg1 Kh8 20. Rg3 Rc8 21.
Qg2 h6 22. f4 Nh7 23. Qh3 d4 24. Qxh6 Qd7 25. Bxd4 Qd5+ 26. Kg1 Rg8 27. Bxf5
1-0

[Event "Lithuanian Chess League"]
[Site "various cities"]
[Date "2021.05.07"]
[Round "1.2"]
[White "Zukauskas, Arnas Povilas"]
[Black "Brazdzionis, Andrius"]
[Result "1-0"]
[WhiteElo "2068"]
[BlackElo "2333"]
[PlyCount "87"]
[EventDate "2021.05.07"]
[EventType "team"]
[EventRounds "7"]
[EventCountry "LTU"]
[WhiteTeam "Marijampoles SC Suduvos jaunimas"]
[BlackTeam "Panevezio SK Gigant Chess"]

1. e4 c5 2. Nc3 d6 3. g3 Nc6 4. Bg2 g6 5. d3 Bg7 6. Be3 Rb8 7. Qd2 b5 8. h3 b4
9. Nd1 e5 10. f4 Nge7 11. Nf3 f5 12. O-O fxe4 13. dxe4 O-O 14. Nh4 Ba6 15. Rf2
Na5 16. f5 Nc4 17. Qd3 Nxe3 18. Qxa6 Nxg2 19. Kxg2 gxf5 20. exf5 Qb6 21. Qe2
Qc6+ 22. Kh2 Bf6 23. Ne3 Kh8 24. Ng4 Bxh4 25. gxh4 Ng8 26. f6 Rf7 27. h5 e4 28.
Qe3 Qd5 29. Raf1 Qxh5 30. Rf5 Qh4 31. Qxe4 Nh6 32. Nxh6 Qxe4 33. Nxf7+ Kg8 34.
Ng5 Qxc2+ 35. R1f2 Qc4 36. f7+ Kg7 37. b3 Qc1 38. Ne6+ Kg6 39. Rf6+ Kh5 40.
R6f5+ Kg6 41. Rf6+ Kh5 42. Ng7+ Kh4 43. R2f4+ Kg5 44. R4f5+ 1-0

[Event "Lithuanian Chess League"]
[Site "various cities"]
[Date "2021.05.07"]
[Round "1.2"]
[White "Dambrauskas, Virginijus"]
[Black "Babrauskas, Darius"]
[Result "1-0"]
[WhiteElo "2209"]
[BlackElo "2011"]
[PlyCount "55"]
[EventDate "2021.05.07"]
[EventType "team"]
[EventRounds "7"]
[EventCountry "LTU"]
[WhiteTeam "Panevezio SK Gigant Chess"]
[BlackTeam "Marijampoles SC Suduvos jaunimas"]

1. d4 d5 2. c4 c6 3. Nf3 Nf6 4. Nc3 e6 5. Bg5 h6 6. Bh4 dxc4 7. e4 g5 8. Bg3 b5
9. h4 g4 10. Ne5 h5 11. Be2 Bb7 12. O-O Be7 13. f3 Nbd7 14. fxg4 Nxe5 15. Bxe5
hxg4 16. Qd2 Rh7 17. Qg5 Nd7 18. Qg8+ Nf8 19. Bg7 f6 20. Rad1 Rxh4 21. Bxf8 Kd7
22. Bxg4 Qxf8 23. Bxe6+ Kc7 24. Qg3+ Bd6 25. Qxh4 Qg7 26. e5 Bb4 27. Qxf6 Qg3
28. Qf4 1-0

[Event "Lithuanian Chess League"]
[Site "various cities"]
[Date "2021.05.07"]
[Round "1.2"]
[White "Martinkus, Rolandas"]
[Black "Zaura, Vidmantas"]
[Result "1-0"]
[WhiteElo "2099"]
[BlackElo "2087"]
[PlyCount "45"]
[EventDate "2021.05.07"]
[EventType "team"]
[EventRounds "7"]
[EventCountry "LTU"]
[WhiteTeam "Marijampoles SC Suduvos jaunimas"]
[BlackTeam "Panevezio SK Gigant Chess"]

1. Nf3 d5 2. c4 c6 3. g3 Nf6 4. Bg2 Bf5 5. O-O Nbd7 6. d3 e5 7. cxd5 cxd5 8.
Nc3 d4 9. Nh4 Be6 10. Ne4 Nxe4 11. Bxe4 Nc5 12. Bg2 Be7 13. Nf3 f6 14. b4 Nd7
15. e3 dxe3 16. Bxe3 Nb6 17. Bc5 Nd5 18. Re1 O-O 19. Nd4 Bf7 20. Nf5 Bxc5 21.
bxc5 Qd7 22. Qg4 Be6 23. Bxd5 1-0

[Event "Lithuanian Chess League"]
[Site "various cities"]
[Date "2021.05.07"]
[Round "1.2"]
[White "Muralis, Aloyzas"]
[Black "Sumskis, Rimvydas"]
[Result "1/2-1/2"]
[WhiteElo "1920"]
[BlackElo "2014"]
[PlyCount "45"]
[EventDate "2021.05.07"]
[EventType "team"]
[EventRounds "7"]
[EventCountry "LTU"]
[WhiteTeam "Panevezio SK Gigant Chess"]
[BlackTeam "Marijampoles SC Suduvos jaunimas"]

1. e4 e6 2. d4 d5 3. Nc3 Bb4 4. exd5 exd5 5. Nf3 Bg4 6. Be2 Ne7 7. O-O O-O 8.
Ng5 Bxe2 9. Nxe2 Nd7 10. Ng3 Nf6 11. Qd3 c6 12. Nf3 Ng6 13. c3 Bd6 14. Nf5 Ne4
15. Nxd6 Qxd6 16. Be3 Rfe8 17. Rae1 Re6 18. Qd1 h6 19. Qc1 Rae8 20. Rd1 Nf6 21.
h3 Ne4 22. Rde1 Qc7 23. b4 1/2-1/2

[Event "Lithuanian Chess League"]
[Site "various cities"]
[Date "2021.05.07"]
[Round "1.3"]
[White "Malisauskas, Vidmantas"]
[Black "Sulskis, Sarunas"]
[Result "0-1"]
[WhiteElo "2411"]
[BlackElo "2518"]
[PlyCount "52"]
[EventDate "2021.05.07"]
[EventType "team"]
[EventRounds "7"]
[EventCountry "LTU"]
[WhiteTeam "Vilniaus Tauras"]
[BlackTeam "Kauno SK Margiris"]

1. d4 Nf6 2. c4 e5 3. dxe5 Ng4 4. Nh3 Nxe5 5. e3 Bb4+ 6. Bd2 a5 7. Nf4 O-O 8.
Nc3 Re8 9. Be2 Ra6 10. Ncd5 Bxd2+ 11. Qxd2 Rc6 12. b3 b6 13. O-O Na6 14. Rad1
Nc5 15. Qb2 Rh6 16. g3 d6 17. a3 Ne4 18. f3 Ng5 19. Nd3 Nxd3 20. Rxd3 Nh3+ 21.
Kg2 c6 22. Nc3 Bf5 23. e4 Nf4+ 24. gxf4 Qh4 25. Rfd1 Qxh2+ 26. Kf1 Qg3 0-1

[Event "Lithuanian Chess League"]
[Site "various cities"]
[Date "2021.05.07"]
[Round "1.3"]
[White "Bieliauskas, Marius"]
[Black "Likatavicius, Rapolas"]
[Result "1-0"]
[WhiteElo "2201"]
[BlackElo "1929"]
[PlyCount "77"]
[EventDate "2021.05.07"]
[EventType "team"]
[EventRounds "7"]
[EventCountry "LTU"]
[WhiteTeam "Kauno SK Margiris"]
[BlackTeam "Vilniaus Tauras"]

1. d4 d5 2. c4 e6 3. Nf3 Nf6 4. g3 Bb4+ 5. Bd2 Be7 6. Bg2 O-O 7. O-O Ne4 8. Qc2
Nxd2 9. Nbxd2 c6 10. e4 dxe4 11. Nxe4 Nd7 12. Rad1 Nf6 13. Ne5 Qc7 14. Rfe1 h6
15. Bf3 Rb8 16. h4 c5 17. Nxc5 Bxc5 18. dxc5 Qxc5 19. Qc3 a5 20. Qd4 Qxd4 21.
Rxd4 b6 22. Re3 Bb7 23. Bxb7 Rxb7 24. Rb3 Rc8 25. Rb5 a4 26. Rb4 a3 27. bxa3
Ra8 28. a4 Rba7 29. Rxb6 Rxa4 30. Rb7 Rxa2 31. Nxf7 Re2 32. Rd8+ Rxd8 33. Nxd8
Ng4 34. c5 Nxf2 35. c6 Rc2 36. Nxe6 Rxc6 37. Rb8+ Kh7 38. Nf8+ Kg8 39. Nd7+ 1-0

[Event "Lithuanian Chess League"]
[Site "various cities"]
[Date "2021.05.07"]
[Round "1.3"]
[White "Kuznecovas, Kevinas"]
[Black "Steponavicius, Stasys"]
[Result "0-1"]
[WhiteElo "1882"]
[BlackElo "2193"]
[PlyCount "98"]
[EventDate "2021.05.07"]
[EventType "team"]
[EventRounds "7"]
[EventCountry "LTU"]
[WhiteTeam "Vilniaus Tauras"]
[BlackTeam "Kauno SK Margiris"]

1. e4 c5 2. Nf3 Nc6 3. d4 cxd4 4. Nxd4 Nf6 5. Nc3 e5 6. Ndb5 d6 7. Nd5 Nxd5 8.
exd5 Ne7 9. c4 Ng6 10. Qa4 Bd7 11. Qb4 Bxb5 12. Qxb5+ Qd7 13. Qxd7+ Kxd7 14. g3
Ne7 15. Bh3+ Kc7 16. Bg5 f6 17. Be3 f5 18. Bg5 g6 19. Bf6 Rg8 20. Bxe7 Bxe7 21.
f3 Bg5 22. Ke2 Rge8 23. Bg2 Rac8 24. Kd3 Kd7 25. b3 b5 26. h4 Bf6 27. Rab1 h5
28. Rhc1 Rc5 29. Bh3 e4+ 30. Ke2 exf3+ 31. Kxf3 Re4 32. Bf1 Be5 33. b4 Rcxc4
34. Bxc4 bxc4 35. a4 Rg4 36. Rg1 c3 37. a5 Kc7 38. Rb3 Kb7 39. Ke2 f4 40. Rbb1
fxg3 41. Rgf1 g2 42. Rf7+ Kc8 43. b5 g1=Q 44. Rxg1 Rxg1 45. b6 axb6 46. a6 Kb8
47. Kd3 Ra1 48. Rf8+ Ka7 49. Rg8 Rxa6 0-1

[Event "Lithuanian Chess League"]
[Site "various cities"]
[Date "2021.05.07"]
[Round "1.3"]
[White "Morkunas, Gustas"]
[Black "Dailidenas, Justas"]
[Result "0-1"]
[WhiteElo "1722"]
[BlackElo "1716"]
[PlyCount "66"]
[EventDate "2021.05.07"]
[EventType "team"]
[EventRounds "7"]
[EventCountry "LTU"]
[WhiteTeam "Kauno SK Margiris"]
[BlackTeam "Vilniaus Tauras"]

1. e4 c5 2. Nf3 d6 3. d4 cxd4 4. Nxd4 Nf6 5. Nc3 a6 6. h3 e5 7. Nde2 h5 8. g3
Be6 9. Bg2 Be7 10. a4 Nc6 11. Be3 Rc8 12. O-O h4 13. g4 O-O 14. Nd5 Bxd5 15.
exd5 Nb8 16. a5 Nbd7 17. Nc3 Qc7 18. Bg5 b5 19. axb6 Qxb6 20. Na4 Qc7 21. Nc3
Qb6 22. Qc1 Qa7 23. Rd1 Rb8 24. Bxh4 Nxg4 25. hxg4 Bxh4 26. Ne4 f5 27. gxf5
Rxf5 28. Rf1 Rbf8 29. Qd2 Nf6 30. Nxd6 Rxf2 31. Rxf2 Ng4 32. Raf1 Bxf2+ 33. Kh1
Qe7 0-1

[Event "Lithuanian Chess League"]
[Site "various cities"]
[Date "2021.05.07"]
[Round "1.3"]
[White "Posaskov, Nikita"]
[Black "Macionis, Andrius"]
[Result "1-0"]
[WhiteElo "1706"]
[BlackElo "2302"]
[PlyCount "95"]
[EventDate "2021.05.07"]
[EventType "team"]
[EventRounds "7"]
[EventCountry "LTU"]
[WhiteTeam "Vilniaus Tauras"]
[BlackTeam "Kauno SK Margiris"]

1. d4 Nf6 2. c4 e6 3. Nf3 b6 4. g3 Bb7 5. Bg2 Be7 6. O-O O-O 7. Nc3 Ne4 8. Qc2
Nxc3 9. Qxc3 c5 10. Rd1 cxd4 11. Nxd4 Bxg2 12. Kxg2 a6 13. b3 Qc7 14. Bb2 Bf6
15. Qf3 Nc6 16. Rab1 Nxd4 17. Bxd4 Bxd4 18. Rxd4 Rfd8 19. Rbd1 Ra7 20. h4 b5
21. h5 h6 22. Rg4 Qe5 23. Re4 Qg5 24. Rf4 d6 25. Qc6 bxc4 26. Rxd6 cxb3 27.
Rxd8+ Qxd8 28. axb3 Qb8 29. Qc3 Rc7 30. Rc4 Rxc4 31. bxc4 Qb7+ 32. f3 Kf8 33.
c5 Qc7 34. c6 a5 35. Qc5+ Ke8 36. Qb5 Ke7 37. Qc5+ Ke8 38. e4 a4 39. Qb5 a3 40.
Qb7 Kd8 41. Qa8+ Qc8 42. Qxa3 Qxc6 43. Qf8+ Qe8 44. Qxg7 f5 45. exf5 exf5 46.
Qd4+ Kc8 47. Qc5+ Kb8 48. Qxf5 1-0

[Event "Lithuanian Chess League"]
[Site "various cities"]
[Date "2021.05.08"]
[Round "3.1"]
[White "Stremavicius, Titas"]
[Black "Laurusas, Tomas"]
[Result "0-1"]
[WhiteElo "2484"]
[BlackElo "2505"]
[PlyCount "112"]
[EventDate "2021.05.07"]
[EventType "team"]
[EventRounds "7"]
[EventCountry "LTU"]
[WhiteTeam "SBK Kaunas"]
[BlackTeam "Vilniaus MRU-ROSK Consulting"]

1. c4 c6 2. d4 d5 3. cxd5 cxd5 4. Bf4 Nf6 5. Nc3 Nc6 6. e3 a6 7. Bd3 Bg4 8. f3
Bh5 9. Nge2 e6 10. Rc1 Be7 11. Bg3 Bg6 12. Nf4 Bxd3 13. Nxd3 O-O 14. Na4 Nd7
15. O-O Rc8 16. Nac5 Nxc5 17. Nxc5 Bxc5 18. dxc5 e5 19. f4 d4 20. fxe5 dxe3 21.
Qe2 Qd5 22. Qxe3 Qxa2 23. b3 Rce8 24. Rcd1 Re7 25. h4 h6 26. Kh2 Rfe8 27. Qf3
Qc2 28. e6 fxe6 29. Bd6 Rd7 30. h5 Kh8 31. Rf2 Qh7 32. Qg4 Qg8 33. Rdf1 Rdd8
34. Qg6 Ne7 35. Qe4 Qh7 36. Qxe6 Nc8 37. Qd5 Qg8 38. Qd4 Nxd6 39. cxd6 Qe6 40.
Rd1 Rd7 41. Rf3 Red8 42. Qh4 Kh7 43. Qg3 Rxd6 44. Re1 Qd7 45. Rfe3 Qf7 46. Qg4
Rd4 47. Re4 Rxe4 48. Qxe4+ Kg8 49. Qg6 Qxg6 50. hxg6 Kf8 51. Rf1+ Ke8 52. Kh3
Rd6 53. Rf7 Rd7 54. Rf3 b6 55. Re3+ Re7 56. Rc3 Re6 0-1

[Event "Lithuanian Chess League"]
[Site "various cities"]
[Date "2021.05.08"]
[Round "3.1"]
[White "Pultinevicius, Paulius"]
[Black "Juksta, Karolis"]
[Result "0-1"]
[WhiteElo "2501"]
[BlackElo "2437"]
[PlyCount "124"]
[EventDate "2021.05.07"]
[EventType "team"]
[EventRounds "7"]
[EventCountry "LTU"]
[WhiteTeam "Vilniaus MRU-ROSK Consulting"]
[BlackTeam "SBK Kaunas"]

1. d4 e6 2. c4 Bb4+ 3. Bd2 Bxd2+ 4. Nxd2 d6 5. Ngf3 Qe7 6. e4 e5 7. d5 Nf6 8.
Be2 a5 9. O-O O-O 10. b3 Na6 11. a3 Nc5 12. Qc2 Nh5 13. b4 Nf4 14. Rae1 axb4
15. axb4 Na6 16. Qc3 Bd7 17. Bd1 c5 18. dxc6 bxc6 19. c5 f6 20. g3 Nh3+ 21. Kg2
dxc5 22. Bb3+ Kh8 23. bxc5 Nxc5 24. Bc4 Ne6 25. Re3 Nhg5 26. Ra1 Nxf3 27. Nxf3
Rxa1 28. Qxa1 Qb4 29. Qc1 Nc5 30. Ne1 Bc8 31. Re2 Rd8 32. Rb2 Qa4 33. Ra2 Qb4
34. Rb2 Qa5 35. Ra2 Qc7 36. Re2 Rd4 37. Nf3 Rd6 38. Qa3 Ne6 39. Rb2 h6 40. Nh4
Kh7 41. Nf5 Rd8 42. Qe7 Qxe7 43. Nxe7 Nd4 44. Nxc8 Rxc8 45. Rb7 h5 46. h4 Kh6
47. Rd7 Rb8 48. Rc7 g5 49. hxg5+ Kxg5 50. Rg7+ Kh6 51. Rd7 Rb2 52. Rc7 Rc2 53.
Bf7 Nb5 54. Rd7 Nd4 55. Rd6 c5 56. Bd5 Kg6 57. Rd8 c4 58. Rg8+ Kh7 59. Rf8 c3
60. Rc8 Rc1 61. Rc7+ Kh8 62. Rc8+ Kg7 0-1

[Event "Lithuanian Chess League"]
[Site "various cities"]
[Date "2021.05.08"]
[Round "3.1"]
[White "Stremavicius, Pijus"]
[Black "Vedrickas, Tautvydas"]
[Result "0-1"]
[WhiteElo "2214"]
[BlackElo "2395"]
[PlyCount "70"]
[EventDate "2021.05.07"]
[EventType "team"]
[EventRounds "7"]
[EventCountry "LTU"]
[WhiteTeam "SBK Kaunas"]
[BlackTeam "Vilniaus MRU-ROSK Consulting"]

1. e4 g6 2. d4 Bg7 3. Nc3 d6 4. Nf3 a6 5. Be2 Nd7 6. O-O e6 7. Bg5 Ne7 8. Qd2
h6 9. Be3 b6 10. h4 Bb7 11. Rad1 f5 12. exf5 Nxf5 13. h5 g5 14. g4 Ne7 15. Bxg5
hxg5 16. Nxg5 Nf8 17. Qf4 Bh6 18. Qf7+ Kd7 19. f4 Rg8 20. d5 Bxg5 21. dxe6+
Nxe6 22. Bc4 Nxf4 23. Rxf4 Kc8 24. Qe6+ Kb8 25. Rf7 Ka7 26. Nd5 Nxd5 27. Bxd5
Re8 28. Qf5 Re5 29. Qf3 Rb8 30. Bxb7 Rxb7 31. Rd5 Qe8 32. Rxe5 dxe5 33. Qf5
Be3+ 34. Kh2 Bf4+ 35. Kh3 Qc6 0-1

[Event "Lithuanian Chess League"]
[Site "various cities"]
[Date "2021.05.08"]
[Round "3.1"]
[White "Klabis, Rokas"]
[Black "Vaznonis, Vytautas"]
[Result "1/2-1/2"]
[WhiteElo "2329"]
[BlackElo "2382"]
[PlyCount "55"]
[EventDate "2021.05.07"]
[EventType "team"]
[EventRounds "7"]
[EventCountry "LTU"]
[WhiteTeam "Vilniaus MRU-ROSK Consulting"]
[BlackTeam "SBK Kaunas"]

1. e4 e6 2. d4 d5 3. Nd2 c5 4. exd5 exd5 5. Ngf3 Nc6 6. dxc5 Bxc5 7. Nb3 Bb6 8.
Bg5 Nge7 9. Qd2 O-O 10. Be2 Bf5 11. c3 Re8 12. O-O Qd7 13. Rad1 h6 14. Bf4 Rad8
15. Rfe1 a6 16. h3 Ng6 17. Bg3 Be4 18. Nbd4 Re7 19. Bd3 Nxd4 20. Nxd4 Bxd4 21.
cxd4 Bxd3 22. Qxd3 Rc8 23. Rc1 Nf8 24. Kh2 Rxe1 25. Rxe1 Re8 26. Rc1 Rc8 27.
Re1 Re8 28. Rc1 1/2-1/2

[Event "Lithuanian Chess League"]
[Site "various cities"]
[Date "2021.05.08"]
[Round "3.1"]
[White "Greicius, Pijus"]
[Black "Setkauskas, Vaidas"]
[Result "1/2-1/2"]
[WhiteElo "1980"]
[BlackElo "2238"]
[PlyCount "46"]
[EventDate "2021.05.07"]
[EventType "team"]
[EventRounds "7"]
[EventCountry "LTU"]
[WhiteTeam "SBK Kaunas"]
[BlackTeam "Vilniaus MRU-ROSK Consulting"]

1. d4 Nf6 2. c4 e6 3. Nc3 d5 4. cxd5 exd5 5. Bg5 Be7 6. e3 O-O 7. Bd3 c6 8. Qc2
h6 9. Bh4 Re8 10. Nf3 Nbd7 11. O-O Ne4 12. Bxe7 Qxe7 13. b4 Ndf6 14. Rab1 a6
15. a4 Bd7 16. Ne5 Nd6 17. b5 axb5 18. axb5 Rec8 19. bxc6 Bxc6 20. Rb6 Nd7 21.
Nxc6 bxc6 22. Rb2 Ra5 23. Ra2 Qd8 1/2-1/2

[Event "Lithuanian Chess League"]
[Site "various cities"]
[Date "2021.05.08"]
[Round "3.2"]
[White "Stauskas, Lukas"]
[Black "Zagorskis, Darius"]
[Result "1/2-1/2"]
[WhiteElo "2316"]
[BlackElo "2408"]
[PlyCount "65"]
[EventDate "2021.05.07"]
[EventType "team"]
[EventRounds "7"]
[EventCountry "LTU"]
[WhiteTeam "Vilniaus BTT Cloud-VSK"]
[BlackTeam "Panevezio SK Gigant Chess"]

1. d4 Nf6 2. c4 e6 3. Nc3 Bb4 4. Qc2 d5 5. cxd5 Qxd5 6. Nf3 Qf5 7. Qb3 Nc6 8.
Bd2 Bxc3 9. Bxc3 O-O 10. e3 b6 11. Qb5 Qxb5 12. Bxb5 Bb7 13. Rc1 Rfc8 14. Ke2
Nb8 15. b4 Kf8 16. Rhd1 Ke7 17. Ne5 Ne4 18. Be1 Nd6 19. Bd3 f6 20. Nf3 Nd7 21.
a4 a5 22. bxa5 bxa5 23. Rd2 c5 24. Rb2 cxd4 25. Rxc8 Bxc8 26. Nxd4 Ne5 27. Rb6
Bd7 28. Bb5 Nec4 29. Bxc4 Nxc4 30. Rb7 Nd6 31. Nc6+ Ke8 32. Rc7 Rc8 33. Rxc8+
1/2-1/2

[Event "Lithuanian Chess League"]
[Site "various cities"]
[Date "2021.05.08"]
[Round "3.2"]
[White "Brazdzionis, Andrius"]
[Black "Vardanyan, Aras"]
[Result "1-0"]
[WhiteElo "2333"]
[BlackElo "2197"]
[PlyCount "81"]
[EventDate "2021.05.07"]
[EventType "team"]
[EventRounds "7"]
[EventCountry "LTU"]
[WhiteTeam "Panevezio SK Gigant Chess"]
[BlackTeam "Vilniaus BTT Cloud-VSK"]

1. d4 Nf6 2. c4 e6 3. Nf3 c5 4. d5 exd5 5. cxd5 d6 6. Nc3 g6 7. Nd2 Bg7 8. e4
O-O 9. Be2 Ne8 10. O-O f5 11. exf5 Bxf5 12. Nde4 Na6 13. Bg5 Nf6 14. Ng3 Bd7
15. Qd2 Qb6 16. h3 Rae8 17. Rae1 Nc7 18. Bf3 Nb5 19. Nxb5 Bxb5 20. Rxe8 Bxe8
21. b3 Bf7 22. Re1 Qc7 23. h4 b5 24. h5 Qb7 25. h6 Bh8 26. Bxf6 Bxf6 27. Ne4
Be5 28. Nxc5 Qc8 29. Ne4 Re8 30. g3 b4 31. Qxb4 Bc3 32. Qxd6 Qf5 33. Re3 Be5
34. Qc5 Rc8 35. Qxa7 Bxd5 36. Ng5 Qxg5 37. Bxd5+ Kh8 38. Rxe5 Qxh6 39. Re1 Qd2
40. Re5 Qh6 41. Qd4 1-0

[Event "Lithuanian Chess League"]
[Site "various cities"]
[Date "2021.05.08"]
[Round "3.2"]
[White "Salna, Aleksandras"]
[Black "Dambrauskas, Virginijus"]
[Result "1-0"]
[WhiteElo "2125"]
[BlackElo "2209"]
[PlyCount "169"]
[EventDate "2021.05.07"]
[EventType "team"]
[EventRounds "7"]
[EventCountry "LTU"]
[WhiteTeam "Vilniaus BTT Cloud-VSK"]
[BlackTeam "Panevezio SK Gigant Chess"]

1. d4 d5 2. Nf3 Nf6 3. Bf4 c6 4. e3 Bf5 5. c4 e6 6. Qb3 Qb6 7. c5 Qxb3 8. axb3
Bxb1 9. Rxb1 Nbd7 10. h3 Be7 11. b4 a6 12. Nd2 O-O-O 13. Ra1 Nb8 14. Bd3 Rd7
15. g4 Bd8 16. Bh2 Bc7 17. g5 Ne8 18. Ke2 Bxh2 19. Rxh2 h6 20. Rg1 hxg5 21.
Rxg5 g6 22. Nf3 Re7 23. Rg4 Nd7 24. Rf4 Ng7 25. e4 Nh5 26. Rh4 Kc7 27. Kd2 Ra8
28. Rh1 Ndf6 29. e5 Ne8 30. Ng5 Neg7 31. Rg1 Rh8 32. Rhg4 Nf5 33. Bxf5 exf5 34.
Rh4 Kd7 35. e6+ fxe6 36. Nf3 Rh6 37. Ne5+ Ke8 38. Rxg6 Rxg6 39. Nxg6 Rg7 40.
Rxh5 Rxg6 41. Rh7 Kd8 42. Rxb7 Rh6 43. Rb6 Kd7 44. Rxa6 Rxh3 45. Ra7+ Kd8 46.
Ra3 Rh4 47. Ke3 Re4+ 48. Kd3 e5 49. dxe5 Rxb4 50. Ra6 Kd7 51. e6+ Kxe6 52.
Rxc6+ Ke5 53. Rb6 Rd4+ 54. Ke2 Re4+ 55. Kf1 Rc4 56. b4 Kd4 57. c6 Kc3 58. b5 d4
59. c7 d3 60. Rc6 Rxc6 61. bxc6 d2 62. Ke2 Kc2 63. c8=Q d1=Q+ 64. Ke3 Qe1+ 65.
Kd4 Qxf2+ 66. Kc4 Qe2+ 67. Kc5 Qe3+ 68. Kb5 Qd3+ 69. Kb6 Qd4+ 70. Kb7 Qb4+ 71.
Ka7 Qc5+ 72. Ka6 Qc4+ 73. Kb7 Qb5+ 74. Kc7 Qe5+ 75. Kd8 Qf6+ 76. Kd7 Qd4+ 77.
Ke6 Qe3+ 78. Kf7 Qb3+ 79. Qe6 Qb5 80. c7 Qb7 81. Qc4+ Kd2 82. Kf8 Qc8+ 83. Ke7
Kd1 84. Qd5+ Kc1 85. Qd7 1-0